Vài nét về hệ thống tín dụng nông nghiệp ở Miền Nam trước ngày giải phóng /

Zapisane w:
Opis bibliograficzny
1. autor: Nguyễn Văn Nhật.
Format: Artykuł
Język:Vietnamese
Hasła przedmiotowe:
Etykiety: Dodaj etykietę
Nie ma etykietki, Dołącz pierwszą etykiete!
Thư viện lưu trữ: Thư viện Trường Đại học Đà Lạt
LEADER 00838nam a2200265 4500
001 DLU090087006
005 ##20091003
040 # # |a DLU  |b vie 
041 # # |a vie 
044 # # |a vn  
100 # # |a Nguyễn Văn Nhật.  
245 # # |a Vài nét về hệ thống tín dụng nông nghiệp ở Miền Nam trước ngày giải phóng /  |c Nguyễn Văn Nhật.  
653 # # |a Kinh tế nông nghiệp 
653 # # |a Tín dụng nông nghiệp 
653 # # |a Tín dụng nhà nước  
773 # # |t Nghiên cứu lịch sử  |g Số 3(262), 1992, tr. 34-39 
920 # # |a Phòng Tạp chí -- Trung tâm Thông tin - Thư viện Trường Đại học Đà Lạt 
994 # # |a DLU 
900 # # |a True 
911 # # |a Nguyễn Thị Linh Chi 
925 # # |a G 
926 # # |a A 
927 # # |a BB 
980 # # |a Thư viện Trường Đại học Đà Lạt